MARC

LEADER 00000nam0a2200000 4500
001 255747
005 20231101233043.0
020 |a RU  |b 89-77346 
035 |a (RuTPU)RU\TPU\book\278278 
090 |a 255747 
100 |a 20140401d1989 k y0rusy5003 ca 
101 0 |a rus 
102 |a UA 
105 |a y z 001zy 
200 1 |a Прагматика и типология коммуникативных единиц языка  |e сборник научных трудов  |f Днепропетровский государственный университет имени 300-летия воссоединения Украины с Россией 
210 |a Днепропетровск  |c ДГУ  |d 1989 
215 |a 136 с.  |d 20 см 
320 |a Библиогр. в конце статей 
606 1 |a Семасиология  |x Языкознание  |2 stltpush  |3 (RuTPU)RU\TPU\subj\54558  |9 72694 
610 1 |a семантика 
610 1 |a лингвистическая типология 
610 1 |a речевые жанры 
610 1 |a прагматика 
610 1 |a немецкий язык 
610 1 |a высказывания 
610 1 |a научные тексты 
610 1 |a элементы 
610 1 |a художественные тексты 
610 1 |a французский язык 
610 1 |a неология 
610 1 |a переводы 
610 1 |a прагматический подход 
686 |a Ш100.1  |2 rubbk 
712 0 2 |a Днепропетровский государственный университет имени 300-летия воссоединения Украины с Россией  |2 stltpush  |3 (RuTPU)RU\TPU\col\11280 
801 0 |a RU  |b RuMRKP  |c 19950417  |g psbo 
801 1 |a RU  |b 63413507  |c 20140401 
801 2 |a RU  |b 63413507  |c 20140905  |g RCR 
942 |c BK